000 00423nam a2200145Ia 4500
005 20260325234755.0
008 260325s9999||||xx |||||||||||||| ||und||
082 _a720.53
100 _aGonzález Espinosa, José
245 0 _a1968/78 :
_b Una década de Arquitectura Mexicana /
_cJosé González Espinosa
260 _bInstituto Nacional de Bellas Artes
300 _a84 p.
650 _aARQUITECTURA REGIONAL
942 _cBK
999 _c6276
_d6276